Los instrumentos privados y contratos de mutuo frente a la ausencia de los principios de la buena fe y la confianza legitima (Registro nro. 15549)

Detalles MARC
000 -LEADER
fixed length control field 00432 a2200121 4500
001 - CONTROL NUMBER
control field ART_19478
005 - DATE AND TIME OF LATEST TRANSACTION
control field 20260410161705.0
008 - FIXED-LENGTH DATA ELEMENTS--GENERAL INFORMATION
fixed length control field 260409a
100 1# - MAIN ENTRY--PERSONAL NAME
Personal name Fernández, Fernanda M.
245 10 - TITLE STATEMENT
Title Los instrumentos privados y contratos de mutuo frente a la ausencia de los principios de la buena fe y la confianza legitima
700 1# - ADDED ENTRY--PERSONAL NAME
Personal name Pena, Ramon
773 0# - HOST ITEM ENTRY
Title Revista Impuestos
Related parts - Nº 16 (ago. 2008)
Record control number REV639

No hay ítems disponibles.